| 000 | 03504cam a22004814a 4500 | ||
|---|---|---|---|
| 001 | 16339836 | ||
| 003 | OSt | ||
| 005 | 20180902183717.0 | ||
| 007 | co ugu|||||||| | ||
| 008 | 100719s2009 moua b 001 0 eng c | ||
| 010 | _a 2010455568 | ||
| 015 |
_aGBA894134 _2bnb |
||
| 016 | 7 |
_a101487640 _2DNLM |
|
| 016 | 7 |
_a014680617 _2Uk |
|
| 020 | _a9781416002512 (hbk.) | ||
| 020 | _a1416002510 (hbk.) | ||
| 020 | _a9780323310727 | ||
| 035 | _a(OCoLC)ocn276668718 | ||
| 040 |
_aNLM _cNLM _dAU@ _dUKM _dBTCTA _dBAKER _dYDXCP _dBWX _dMOU _dNEH _dCDX _dNCECU _dDLC |
||
| 042 | _apcc | ||
| 050 | 0 | 0 |
_aRC925.5 _b.P28 2008 |
| 060 | 0 | 0 | _a2008 L-795 |
| 060 | 1 | 0 |
_aWE 140 _bP297 2009 |
| 082 | 0 | 0 |
_a616.7 _222 _bPAI |
| 245 | 0 | 0 |
_aPathology and intervention in musculoskeletal rehabilitation / _ceditors, David J. Magee, James E. Zachazewski, William S. Quillen ; editorial consultant, Bev Evjen. |
| 260 |
_aSt. Louis, Mo. : _bSaunders/Elsevier, _cc2009. |
||
| 300 |
_axv, 974 p. : _bill. + _e1 CD-ROM (4 3/4 in.) |
||
| 440 | 0 |
_aMusculoskeletal rehabilitation series _938594 |
|
| 504 | _aIncludes bibliographical references and index. | ||
| 505 | 0 | _a1. Patient education, motivation, compliance and adherence to physical activity, exercise and rehabilitation -- 2. Cervical spine -- 3. Temporomandibular disorders-- 4. Shoulder trauma and hypomobility -- 5. Shoulder instability and impingement syndrome -- 6. Elbow -- 7. Hand, wrist and digit Injuries -- 8. Integrated, multimodal approach to the thoracic spine and ribs -- 9. Low back pain: causes and differential diagnosis -- 10. Lumbar spine: treatment of hypomobility and disc conditions -- 11. Lumbar spine: treatment of instability and disorders of movement control -- 12. Spinal pathology: nonsurgical intervention -- 13. Spinal pathology, conditions and deformities: surgical intervention -- 14. Integrated multimodal approach to the treatment of pelvic girdle pain and dysfunction -- 15. Hip pathologies: diagnosis and intervention -- 16. Knee: ligamentous and patellar tendon injuries -- 17. Injuries to the meniscus and articular cartilage -- 18. Patellofemoral joint -- 19. Rehabilitation of leg, ankle and foot injuries -- 20. Peripheral nerve injuries -- 21. Repetitive stress pathology: bone -- 22. Repetitive stress pathology: soft tissue -- 23. Musculoskeletal developmental disorders -- 24. Pediatric and adolescent considerations -- 25. Shoulder arthroplasty -- 26. Physical rehabilitation after total hip arthroplasty -- 27. Physical rehabilitation after total knee arthroplasty -- 28. Management of osteoarthritis and rheumatoid arthritis -- 29. Systemic bone diseases: medical and rehabilitation intervention -- 30. Muscle disease and dysfunction -- 31. Fibromyalgia and related disorders. | |
| 538 | _aSystem requirements for accompanying CD-ROM: Windows; Mac. | ||
| 650 | 0 |
_aMusculoskeletal system _xDiseases _xPatients _xRehabilitation. _910179 |
|
| 650 | 0 |
_aMusculoskeletal system _xWounds and injuries _xTreatment. _938595 |
|
| 650 | 1 | 2 |
_aMusculoskeletal Diseases _xpathology. _938596 |
| 650 | 1 | 2 |
_aMusculoskeletal Diseases _xrehabilitation. _938597 |
| 650 | 2 | 2 |
_aWounds and Injuries _xrehabilitation. _938598 |
| 700 | 1 |
_aMagee, David J. _910173 |
|
| 700 | 1 |
_aZachazewski, James E. _938599 |
|
| 700 | 1 |
_aQuillen, William S. _938600 |
|
| 906 |
_a7 _bcbc _cpccadap _d2 _encip _f20 _gy-gencatlg |
||
| 942 |
_2ddc _cBOOK |
||
| 999 |
_c31579 _d266079 |
||